স্বরবিতান-সূচীপত্র / (Record no. 63203)
[ view plain ]
| 000 -LEADER | |
|---|---|
| fixed length control field | 00843nam a2200229 a 4500 |
| 001 - CONTROL NUMBER | |
| control field | 63203 |
| 003 - CONTROL NUMBER IDENTIFIER | |
| rucl marc code | BD-RjUL |
| 005 - DATE AND TIME OF LATEST TRANSACTION | |
| control field | 20211209081153.0 |
| 008 - FIXED-LENGTH DATA ELEMENTS--GENERAL INFORMATION | |
| fixed length control field | 170129s2010 ii ||||| |||| 00| 0 eng d |
| 020 ## - INTERNATIONAL STANDARD BOOK NUMBER | |
| International Standard Book Number | 9788175221871 |
| 035 ## - SYSTEM CONTROL NUMBER | |
| System control number | (BD-RjUL)63331 |
| 040 ## - CATALOGING SOURCE | |
| Original cataloging agency | BD-RjUL |
| Language of cataloging | ben |
| Transcribing agency | BD-RjUL |
| 041 ## - LANGUAGE CODE | |
| Language code of text/sound track or separate title | ben |
| 082 ## - DEWEY DECIMAL CLASSIFICATION NUMBER | |
| Edition number | 23 |
| Classification number | 781.1 |
| Author mark and year | TAS 2010 |
| 100 1# - MAIN ENTRY--PERSONAL NAME | |
| Personal name | ঠাকুর, রবীন্দ্রনাথ |
| 9 (RLIN) | 144975 |
| 245 10 - TITLE STATEMENT | |
| Title | স্বরবিতান-সূচীপত্র / |
| Statement of responsibility, etc. | রবীন্দ্রনাথ ঠাকুর. |
| 260 ## - PUBLICATION, DISTRIBUTION, ETC. (IMPRINT) | |
| Place of publication, distribution, etc. | কলকাতা : |
| Name of publisher, distributor, etc. | বিশ্বভারতী গ্রন্থবিভগ, |
| Date of publication, distribution, etc. | ২০১. |
| 300 ## - PHYSICAL DESCRIPTION | |
| Pagination | ৭৯ পৃ. ; |
| Size | ২১ সেমি. |
| 650 ## - SUBJECT ADDED ENTRY--TOPICAL TERM | |
| Topical term or geographic name as entry element | সঙ্গীতের মূলনীতি |
| 9 (RLIN) | 144976 |
| Topical term or geographic name as entry element | Basic Principles of Music |
| 9 (RLIN) | 144977 |
| 942 ## - ADDED ENTRY ELEMENTS (KOHA) | |
| Source of classification or shelving scheme | Dewey Decimal Classification |
| Koha item type | Books |
| Lost status | Source of classification or shelving scheme | Damaged status | Not for loan | Collection code | Permanent Location | Current Location | Shelving location | Date acquired | Source of acquisition | Cost, normal purchase price | Total Checkouts | Full call number | Date last seen | Copy number | Koha item type |
|---|---|---|---|---|---|---|---|---|---|---|---|---|---|---|---|
| Dewey Decimal Classification | Not For Loan | Non-fiction | Central Library, University of Rajshahi | Central Library, University of Rajshahi | Reading Room | 25/05/2011 | Paragon Enterprises Dhaka | 3451.00 | B 781.1 TAS 2010 | 29/01/2017 | C-1 | Books |